Christmas Movies - Statistics

General Stats
  • This quiz has been taken 155 times
  • The average score is 8 of 12
Answer Stats
Hint Answer % Correct
Genius boy saves his home from robbers Home Alone
97%
Green Monster finds his heart The Grinch
97%
Old Miser gets three visits from spirits A Christmas Carol
86%
Little Reindeer gets bullied Rudolph the Red Nosed Reindeer
84%
A man meets his Dad in New York City Elf
75%
Dad becomes fat and grows a beard for Christmas The Santa Clause
75%
Boy goes against all advice wants to shoot his eye out A Christmas Story
66%
Man tries to commit suicide saved by an angel It's a Wonderful Life
62%
Family tries to skip Christmas Christmas with the Kranks
58%
Snowman comes to life (Not Frosty) Jack Frost
57%
Little Bald kid finds the true meaning of Christmas A Charlie Brown Christmas
24%
They wish for a day with no color White Christmas
9%
No matching quizzes found
Score Distribution
Percent of People with Each Score
Percentile by Number Answered
Your Score History
You have not taken this quiz